Disaster Management (Record no. 60636)

MARC details
000 -LEADER
fixed length control field 00404nam a2200169Ia 4500
008 - FIXED-LENGTH DATA ELEMENTS--GENERAL INFORMATION
fixed length control field 230524s9999 xx 000 0 und d
020 ## - INTERNATIONAL STANDARD BOOK NUMBER
ISBN 9788126549245
082 ## - DEWEY DECIMAL CLASSIFICATION NUMBER
Classification number 363.34525
Item number PAN
100 ## - MAIN ENTRY--AUTHOR NAME
Personal name Dr.Mrinalini Pandey
245 #0 - TITLE STATEMENT
Title Disaster Management
250 ## - EDITION STATEMENT
Edition statement 1
260 ## - PUBLICATION, DISTRIBUTION, ETC. (IMPRINT)
Place of publication New Delhi
Name of publisher Wiley
Year of publication 2014
300 ## - PHYSICAL DESCRIPTION
Number of Pages "xii,227p;"
500 ## - GENERAL NOTE
General note Quantity Number: 9
650 ## - SUBJECT ADDED ENTRY--TOPICAL TERM
Topical Term Civil
942 ## - ADDED ENTRY ELEMENTS (KOHA)
Koha item type Books
Holdings
Lost status Damaged status Permanent Location Current Location Shelving location Date acquired Full call number Accession Number Koha item type
    Central Library, Trident Academy of Technology Central Library, Trident Academy of Technology General Stacks 05/24/2023 363.34525 PAN 59278 Books
    Central Library, Trident Academy of Technology Central Library, Trident Academy of Technology General Stacks 05/24/2023 363.34525 PAN 59279 Books
    Central Library, Trident Academy of Technology Central Library, Trident Academy of Technology General Stacks 05/24/2023 363.34525 PAN 59282 Books
    Central Library, Trident Academy of Technology Central Library, Trident Academy of Technology General Stacks 05/24/2023 363.34525 PAN 59283 Books
    Central Library, Trident Academy of Technology Central Library, Trident Academy of Technology General Stacks 05/24/2023 363.34525 PAN 59284 Books
    Central Library, Trident Academy of Technology Central Library, Trident Academy of Technology General Stacks 05/24/2023 363.34525 PAN 59285 Books
    Central Library, Trident Academy of Technology Central Library, Trident Academy of Technology General Stacks 05/24/2023 363.34525 PAN 59286 Books
    Central Library, Trident Academy of Technology Central Library, Trident Academy of Technology General Stacks 05/24/2023 363.34525 PAN 59287 Books
    Central Library, Trident Academy of Technology Central Library, Trident Academy of Technology General Stacks 05/24/2023 363.34525 PAN 59288 Books
Trident Academy of Technology © 2023.
All rights reserved.                                                                                                                                                                                                        Designed by Team of Central Library .

Powered by Koha